Library Catalogue
St. Thomas' College (Autonomous),Thrissur

Machine learning for hackers (Record no. 87409)

MARC details
000 -LEADER
fixed length control field 00436nam a2200181Ia 4500
003 - CONTROL NUMBER IDENTIFIER
control field STCL
008 - FIXED-LENGTH DATA ELEMENTS--GENERAL INFORMATION
fixed length control field 221019s9999 xx 000 0 und d
020 ## - INTERNATIONAL STANDARD BOOK NUMBER
International Standard Book Number 9789350236741
040 ## - CATALOGING SOURCE
Original cataloging agency STCL
Transcribing agency STCL
Language of cataloging EN
082 ## - DEWEY DECIMAL CLASSIFICATION NUMBER
Edition number 22
100 ## - MAIN ENTRY--PERSONAL NAME
Personal name Conway, Drew
245 #0 - TITLE STATEMENT
Title Machine learning for hackers
260 ## - PUBLICATION, DISTRIBUTION, ETC. (IMPRINT)
Name of publisher, distributor, etc. Shroff Publishers & Distributors
Place of publication, distribution, etc. Mumbai
Date of publication, distribution, etc. 2015
300 ## - PHYSICAL DESCRIPTION
Extent 303 p
365 ## - TRADE PRICE
Price amount 625
546 ## - LANGUAGE NOTE
Language note English
942 ## - ADDED ENTRY ELEMENTS (KOHA)
Koha item type Book
Source of classification or shelving scheme
Edition
Holdings
Withdrawn status Lost status Source of classification or shelving scheme Damaged status Not for loan Home library Current library Shelving location Date acquired Total Checkouts Total Renewals Full call number Barcode Date last seen Date last checked out Price effective from Koha item type
          Santhome Athenaeum Santhome Athenaeum General Stacks 19/10/2022 1 1 006.31 CON-M 96508 13/01/2026 03/12/2025 19/10/2022 Book
          Santhome Athenaeum Santhome Athenaeum General Stacks   3   005.1 CON-M 96743 28/02/2026 22/01/2026 19/10/2022 Book
The Librarian
St. Thomas' College (Autonomous),
Thrissur - 680 001, Kerala, INDIA


Phone: +91 487 2420435    Ext: 1006   |    E-mail: stctlib@gmail.com    |    Web: http://stthomas.ac.in